|
|
|
|
| LEADER |
00000naa2a2200000 4500 |
| 001 |
607454 |
| 005 |
20231101132444.0 |
| 035 |
|
|
|a (RuTPU)RU\TPU\conf\4835
|
| 035 |
|
|
|a RU\TPU\conf\4834
|
| 090 |
|
|
|a 607454
|
| 100 |
|
|
|a 20140721d2014 k y0rusy50 ca
|
| 101 |
0 |
|
|a rus
|
| 102 |
|
|
|a RU
|
| 105 |
|
|
|a y z 101zy
|
| 135 |
|
|
|a drcn ---uucaa
|
| 181 |
|
0 |
|a i
|
| 182 |
|
0 |
|a b
|
| 200 |
1 |
|
|a Нейтронно-физическое моделирование реактора БРЕСТ-ОД-300 с помощью Wims-d5
|f А. И. Шафоростов, М. Л. Зарецкий
|
| 203 |
|
|
|a Текст
|c электронный
|
| 225 |
1 |
|
|a Ядерные реакторы и топливные циклы
|
| 230 |
|
|
|a 1 компьютерный файл (pdf; 264 Кb)
|
| 300 |
|
|
|a Заглавие с титульного экрана
|
| 320 |
|
|
|a [Библиогр.: с. 73 (1 назв.)]
|
| 337 |
|
|
|a Adobe Reader
|
| 463 |
|
0 |
|0 (RuTPU)RU\TPU\conf\4220
|t Физико-технические проблемы атомной науки, энергетики и промышленности
|o сборник тезисов докладов VI Международной научно-практической конференции, г. Томск, 5-7 июня 2014 г.
|f Национальный исследовательский Томский политехнический университет (ТПУ) ; ред. коллегия О. Ю. Долматов ; С. Н. Ливенцов ; Ю. А. Чурсин
|v [С. 73]
|d 2014
|
| 610 |
1 |
|
|a труды учёных ТПУ
|
| 610 |
1 |
|
|a электронный ресурс
|
| 610 |
1 |
|
|a нейтронно-физическое состояние
|
| 610 |
1 |
|
|a реакторы
|
| 610 |
1 |
|
|a WIMS D5
|
| 610 |
1 |
|
|a энерговыделение
|
| 610 |
1 |
|
|a нуклиды
|
| 700 |
|
1 |
|a Шафоростов
|b А. И.
|
| 701 |
|
1 |
|a Зарецкий
|b М. Л.
|
| 801 |
|
2 |
|a RU
|b 63413507
|c 20221027
|g RCR
|
| 856 |
4 |
|
|u http://earchive.tpu.ru/handle/11683/73332
|
| 942 |
|
|
|c BK
|